Statistics for Brittany Region Quiz

Click here to take the quiz!

General Stats

  • This quiz has been taken 114 times
  • The average score is 10 of 15

Answer Stats

HintAnswer% Correct
Along with Cornwall and Ireland, Brittany is one of six ____ nationsCeltic
91%
French name of BrittanyBretagne
90%
Second largest city with a namesake in BelarusBrest
89%
Largest cityRennes
89%
Pays de la Loire capital that is historically and culturally part of BrittanyNantes
88%
Alcoholic beverage made from applesCider
87%
Thin "pancakes" that originated in BrittanyCrêpes
84%
Gaul warrior of comic fiction who lives on the coast of ArmoricaAstérix
74%
Sign that was often found in schools: "It is forbidden to speak ____ and to spit on the floor."Breton
74%
Rugged monolith erected by ancient peoplesMenhir
51%
Animal whose white fur was often used in royal clothing, and which is symbolized on Brittany's flagErmine
50%
You can find 3000 of mentioned rocks in the vicinity of this villageCarnac
48%
Ancient tombs often made of megalithic "tables"Dolmen
48%
Who does the legendary creature Ankou serve or represent?Death
32%
Peninsula that was frequented as a seaside resort by Gustave Flaubert and Romy SchneiderQuiberon
24%

Score Distribution

Percentile by Number Answered

Percent of People with Each Score

Your Score History

You have not taken this quiz